01834nam a2200421 i 4500001000700000003000800007005001700015006001900032007001500051008004100066020002700107020001800134035002300152035002400175035002500199035002100224040003100245050002500276082001700301245015700318264007000475300004100545336003100586337003300617338004300650490008600693504004300779588012700822650005100949650004701000650006001047650005101107655002701158700004101185700003701226830008701263856006201350108487FlNmELB20241217173850.0m o d | cr cnu||||||||141029s2012 sp ob 000 1 spa d a9783954870103 (e-book) z9788484896753 a(MiAaPQ)EBC3225914 a(Au-PeEL)EBL3225914 a(CaPaEBR)ebr10957892 a(OCoLC)992090743 aFINmELBbspaerdacFINmELB 4aPQ6147.S5bF928 20120 a863.010822304aLas fronteras del microrrelato :bteoría y crítica del microrrelato español e hispanoamericano /cAna Calvo Revilla, Javier de Navascués (eds.). 1aMadrid :bIberoamericana ;aFrankfurt am Main :bVervuert,c2012. a1 recurso en línea (240 páginas) atextobtxt2rdacontent/spa acomputadorabc2rdamedia/spa arecurso en líneabcr2rdacarrier/spa1 aEdiciones de Iberoamericana. Serie A, Historia y crítica de la literatura ;v59 aContiene referencias bibliográficas. aDescripción basada en recurso en línea; Título de la página del título en PDF (e-libro, visto October 29, 2014). 0aShort stories, SpanishxHistory and criticism. 4aCuentos españolesxHistoria y crítica. 0aShort stories, Spanish AmericanxHistory and criticism. 4aCuentos iberoamericanosxHistoria y crítica. 4aLibros electrónicos.1 aCalvo Revilla, Ana María,eeditor.1 aNavascués, Javier de,eeditor. 0aEdiciones de Iberoamericana. Serie A, Historia y crítica de la literatura ;v59.40uhttps://elibro.net/ereader/politecnicointernacional/36922